[Event "Daventry 4NCL Easter op-B 2nd"]
[Site "Daventry"]
[Date "2022.04.18"]
[Round "6"]
[White "Manawadu, Dilhan"]
[Black "Ashcroft, Graham J"]
[Result "1-0"]
[WhiteElo "1941"]
[BlackElo "1982"]
[PlyCount "89"]
[EventDate "2022.04.15"]
[EventType "swiss"]
[EventRounds "7"]
[EventCountry "ENG"]
[SourceTitle "CBM 207 Extra"]
[Source "ChessBase"]
[SourceDate "2022.05.31"]
[SourceVersion "1"]
[SourceVersionDate "2022.05.31"]
[SourceQuality "1"]

1. e4 e6 2. d3 c5 3. Nf3 Nc6 4. g3 g6 5. Bg2 Bg7 6. 0-0 Nge7 7. c3 0-0 8. Be3 d6 9. d4 b6 10. Qd2 cxd4 11. cxd4 d5 12. e5 Ba6 13. Rd1 Rc8 14. b4 Nf5 15. Bg5 f6 16. exf6 Bxf6 17. Bxf6 Qxf6 18. a4 Bc4 19. Qb2 a6 20. b5 axb5 21. axb5 Na5 22. Ne5 Qd8 23. Na3 Qd6 24. Naxc4 Nxc4 25. Nxc4 Rxc4 26. Bf1 Rc7 27. Rdc1 Rfc8 28. Rxc7 Qxc7 29. Ra6 Rf8 30. Qa1 Rf7 31. Bd3 Nd6 32. Qe1 Rf6 33. h4 h5 34. Qe5 Kf7 35. Ra8 Qe7 36. Rb8 Qc7 37. Rf8+ Kxf8 38. Qxf6+ Qf7 39. Qd8+ Ne8 40. Qxb6 Nf6 41. Qd6+ Kg7 42. b6 Ne8 43. Qe5+ Kh6 44. Qg5+ Kg7 45. Qxg6+ 1-0

[Event "Daventry 4NCL Easter op-B 2nd"]
[Site "Daventry"]
[Date "2022.04.17"]
[Round "4"]
[White "Manawadu, Dilhan"]
[Black "Wheeler, Tim"]
[Result "1-0"]
[WhiteElo "1941"]
[BlackElo "1703"]
[PlyCount "87"]
[EventDate "2022.04.15"]
[EventType "swiss"]
[EventRounds "7"]
[EventCountry "ENG"]
[SourceTitle "CBM 207 Extra"]
[Source "ChessBase"]
[SourceDate "2022.05.31"]
[SourceVersion "1"]
[SourceVersionDate "2022.05.31"]
[SourceQuality "1"]

1. Nf3 g6 2. e4 Bg7 3. d4 d6 4. Bc4 Nf6 5. Nc3 0-0 6. Bg5 Nxe4 7. Bxf7+ Rxf7 8. Nxe4 Bg4 9. Qd2 Nc6 10. c3 Bxf3 11. gxf3 Qf8 12. 0-0-0 Rxf3 13. Be3 Re8 14. Ng5 Rf6 15. d5 Nd8 16. h4 e5 17. h5 h6 18. Ne4 Rf4 19. Bxf4 exf4 20. f3 g5 21. Rdg1 Qf5 22. Nf2 Nf7 23. Ng4 Be5 24. Re1 Kg7 25. Rh2 Re7 26. Rhe2 Re8 27. Qc2 Qxc2+ 28. Kxc2 a6 29. Kd3 Re7 30. c4 b6 31. b4 Re8 32. a4 Rb8 33. Rb1 Kh7 34. Kc2 Kg7 35. Rb3 Kf8 36. a5 bxa5 37. bxa5 Rxb3 38. Kxb3 Ke7 39. Kc2 Kd7 40. c5 Bg7 41. c6+ Kd8 42. Re6 Ne5 43. Nxe5 dxe5 44. Kd3 1-0

[Event "Ambalangoda Dhamso op 2nd"]
[Site "Ambalangoda"]
[Date "2012.04.23"]
[Round "9"]
[White "Alahakoon, Isuru"]
[Black "Manawadu, Dilhan"]
[Result "1-0"]
[WhiteElo "1957"]
[BlackElo "1756"]
[PlyCount "49"]
[EventDate "2012.04.19"]
[EventType "swiss"]
[EventRounds "9"]
[EventCountry "SRI"]
[SourceTitle "CBM 148 Extra"]
[Source "ChessBase"]
[SourceDate "2012.06.22"]
[SourceVersion "1"]
[SourceVersionDate "2012.06.22"]
[SourceQuality "1"]

1. e4 g6 2. Nc3 Bg7 3. f4 d6 4. Nf3 Nd7 5. Bc4 c6 6. Ng5 Nh6 7. Bxf7+ Nxf7 8. Ne6 Qb6 9. Nxg7+ Kf8 10. Ne6+ Ke8 11. a4 a5 12. Ra3 Nc5 13. Nxc5 Qxc5 14. d4 Qb6 15. 0-0 e6 16. Kh1 Qa6 17. Re1 b5 18. axb5 cxb5 19. b4 a4 20. f5 e5 21. Nd5 Qb7 22. Rc3 Rb8 23. Rc7 Qa6 24. fxg6 hxg6 25. Qf3 1-0